MACHINE TRANSLATION SUMMIT II, AUGUST 16-18, 1989, MUNICH. DEU. : (Record no. 187849)

MARC details
000 -LEADER
fixed length control field 01041nam a22003017a 4500
003 - CONTROL NUMBER IDENTIFIER
control field OSt
005 - DATE AND TIME OF LATEST TRANSACTION
control field 20220602144530.0
008 - FIXED-LENGTH DATA ELEMENTS--GENERAL INFORMATION
fixed length control field 220602s1989 gw d gr 100 0 eng d
020 ## - INTERNATIONAL STANDARD BOOK NUMBER
Terms of availability RM 0.00
Qualifying information paperback
040 ## - CATALOGING SOURCE
Original cataloging agency PPAK
Language of cataloging eng
Transcribing agency PPAK
Description conventions rda
082 04 - DEWEY DECIMAL CLASSIFICATION NUMBER
Classification number 418.02
Edition number 23
090 ## - LOCALLY ASSIGNED LC-TYPE CALL NUMBER (OCLC); LOCAL CALL NUMBER (RLIN)
Classification number (OCLC) (R) ; Classification number, CALL (RLIN) (NR) 418.02
Feature heading MAC
Feature heading KAO
111 2# - MAIN ENTRY--MEETING NAME
Meeting name or jurisdiction name as entry element Machine Translation Summit
Number of part/section/meeting (2nd :
Date of meeting 1989 :
Location of meeting Munich, Germany)
245 00 - TITLE STATEMENT
Title MACHINE TRANSLATION SUMMIT II, AUGUST 16-18, 1989, MUNICH. DEU. :
Remainder of title MT
246 30 - VARYING FORM OF TITLE
Title proper/short title MT Summit II, August 16-18, 1989, Munich, Deu. :
Remainder of title machine translation.
264 #1 - PRODUCTION, PUBLICATION, DISTRIBUTION, MANUFACTURE, AND COPYRIGHT NOTICE
Place of production, publication, distribution, manufacture Frankfurt am Main :
Name of producer, publisher, distributor, manufacturer Deutsche Gesellschaft fuer Dokumentation,
Date of production, publication, distribution, manufacture, or copyright notice 1989
300 ## - PHYSICAL DESCRIPTION
Extent 160 pages :
Other physical details charts ;
Dimensions 23 cm
336 ## - CONTENT TYPE
Content type term text
Source rdacontent
337 ## - MEDIA TYPE
Media type term unmediated
Source rdamedia
338 ## - CARRIER TYPE
Carrier type term volume
Source rdacarrier
500 ## - GENERAL NOTE
General note MT Summit II held on 16 August 1989
504 ## - BIBLIOGRAPHY, ETC. NOTE
Bibliography, etc. note Includes bibliographical references.
505 ## - FORMATTED CONTENTS NOTE
Formatted contents note Final programme
Formatted contents note Exhibition
Formatted contents note Papers.
650 10 - SUBJECT ADDED ENTRY--TOPICAL TERM
Topical term or geographic name entry element Machine translating
General subdivision Congresses.
942 ## - ADDED ENTRY ELEMENTS (KOHA)
Source of classification or shelving scheme Dewey Decimal Classification
Koha item type Book
Holdings
Withdrawn Not for loan Current library Shelving location Date acquired Total Checkouts Full call number Barcode Date last seen Koha item type
  Not For Loan Perpustakaan Jitra Koleksi Asmah Haji Omar 09/06/2022   KAO 418.02 MAC KAO000208 09/06/2022 Book